00401nam a2200145Ia 4500003000400000008004100004040001600045082002200061100002200083245005300105490003700158650001900195650001500214650002600229GCL140319s9999 xx 000 0 ara d aGCL / cGCL04aطb813.02bس ا1 aسعيد جبار10aاحتفال فى مطبخ / cسعيد جبار aالسلسلة القصصيةv004aالاطفال04aالقصص04aقصص الاطفال